书目信息 |
| 题名: |
英语基本动词辞典
|
|
| 作者: | 小西友七 编 | |
| 分册: | ||
| 出版信息: | 东京 研究出版社株式会社 昭和56年7月 |
|
| 页数: | 1862页 | |
| 开本: | 24cm | |
| 丛书名: | ||
| 单 册: | ||
| 中图分类: | H314.2-61 | |
| 科图分类: | ||
| 主题词: | 英语--词类--词典 | |
| 电子资源: | ||
| ISBN: | ||
| 000 | 00579nam0 2200205 45 | |
| 001 | 0504181452 | |
| 005 | 20050418161143.6 | |
| 010 | @b精装@dCNY | |
| 100 | @a20050418d昭和 km y0chiy0120 ea | |
| 101 | 0 | @achi |
| 105 | @a z 000yy | |
| 200 | 1 | @a英语基本动词辞典@AYing Yu Ji Ben Dong Ci Ci Dian@f小西友七编@FXiao Xi You Qi Bian |
| 205 | @a3版 | |
| 210 | @a东京@c研究出版社株式会社@d昭和56年7月 | |
| 215 | @a1862页@d24cm | |
| 606 | 0 | @a英语@x词类@x词典 |
| 690 | @aH314.2-61@v3 | |
| 701 | 0 | @a小西友七@4编 |
| 801 | @aCN@bPftUser@c20050418 | |
| 905 | @f1@b183882@dH314.2-61@e1=3 | |
| 英语基本动词辞典/小西友七编.-3版.-东京:研究出版社株式会社,昭和56年7月 |
| 1862页;24cm |
| ISBN (精装):CNY |
| ● |
| 相关链接 |
|
|
|
|
正题名:英语基本动词辞典
索取号:H314.2-61/1=3
 
预约/预借
| 序号 | 登录号 | 条形码 | 馆藏地/架位号 | 状态 | 备注 |
| 1 | 0183882 | 001302147 | 密集书库/ [索取号:H314.2-61/1=3] | 在馆 |